000 01999nam a2200229Ia 4500
003 Ost
005 20260507075238.0
008 260507s9999||||xx |||||||||||||| ||und||
040 _cfsecg
041 _aara
082 _a330
100 _aابراهيم، ايهاب نظمي
_eمؤلف
245 0 _aالتدقيق القائم على مخاطر الاعمال :
_bحداثة و تطور /
_c ايهاب نظمي ابراهيم
260 _aعمان:
_bمكتبة المجتمع,
_c2009
300 _a187 صفحة؛
_bإيضاحات ؛
_c24 سم
504 _aمراجع ص.185
520 _aمدخل إلى التدقيق ، التدقيق القائم على مخاطر الاعمال ، مخاطرالتدقيق و نماذجها ، مصفوفة مكونات مخاطر التدقيق ، العلاقة بين مخاطر التدقيق و أدلة إثبات التدقيق ، نموج KPMG لتقييم المخاطر ، مخاطر الأعمال من وجهة نظر مدققي الحسابات ، مشاكل التقاضي وموقف المدقق حيالها ، أسس إقامة دعاوى التقاضي ضد المدققين الخارجيين ، عوامل تؤثر في وقوع حالات التقاضي ، الاخطار المزعومة التي يستند عليها في حالات التقاضي ، الادعاء يفشل عملية التدقيق كأساس لعملية التقاضي ، العلاقة بين مخاطر التدقيق و مخاطر الأعمال ، أنواع و طرائق التدقيق المستخدمة في المؤسسات المصرفية ، مخاطر الاعمال المتعلقة بأعمال المصارف ، الرقابة الداخلية في المؤسسات المصرفية (البنوك) إتجاهات تطور إستراتيجية التدقيق في ظل مخاطر الاعمال في المصارف.
653 _aالتأمينات
653 _aالمخاطر
653 _aمخاطر المهنة
942 _cكتاب
999 _c43606
_d43606